Normal view
MARC view
Entry Personal Name
001 - CONTROL NUMBER
- control field: 13088
003 - CONTROL NUMBER IDENTIFIER
- control field: BD-RjUL
005 - DATE AND TIME OF LATEST TRANSACTION
- control field: 20240520132431.0
008 - FIXED-LENGTH DATA ELEMENTS
- fixed length control field: 240520|| aca||aabn | a|a d
040 ## - CATALOGING SOURCE
- Original cataloging agency: BD-RjUL
- Transcribing agency: BD-RjUL
100 ## - HEADING--PERSONAL NAME
- Personal name: Parvin, Fardous Ara
670 ## - SOURCE DATA FOUND
- Source citation: Work cat.: (BD-RjUL)83785: Parvin, Fardous Ara, Bionomics and Morphometrics Aphis Craccivora Koch (Homoptera : Aphididae) and its Integrated Management /, 2008